ბათუმის შოთა რუსთაველის სახელმწიფო უნივერსიტეტის ბიბლიოთეკა

ჭოროხის მხარე (ბიბ.ჩანაწერი № 51556)

000 -LEADER
fixed length control field 01872nam a2200265Ia 4500
001 - CONTROL NUMBER
control field 18547
003 - CONTROL NUMBER IDENTIFIER
control field GE_BSU
008 - FIXED-LENGTH DATA ELEMENTS--GENERAL INFORMATION
fixed length control field 181216s||||||||xx |||||||||||||| ||und||
020 ## - INTERNATIONAL STANDARD BOOK NUMBER
International Standard Book Number 9789941462276
040 ## - CATALOGING SOURCE
Transcribing agency GE_BSU
080 ## - UNIVERSAL DECIMAL CLASSIFICATION NUMBER
Universal Decimal Classification number 908(479.223)
100 ## - MAIN ENTRY--PERSONAL NAME
Personal name ლისოვსკი,ვალერიან
245 ## - TITLE STATEMENT
Title ჭოროხის მხარე
245 ## - TITLE STATEMENT
Statement of responsibility, etc. თარგმნა და ავტორის ბიოგრაფია,კომენტარები,შენიშვნები დაურთო რამაზ სურმანიძემ
260 ## - PUBLICATION, DISTRIBUTION, ETC.
Place of publication, distribution, etc. ბათუმი.
260 ## - PUBLICATION, DISTRIBUTION, ETC.
Name of publisher, distributor, etc. უნ-ტის გამ-ბა,
260 ## - PUBLICATION, DISTRIBUTION, ETC.
Date of publication, distribution, etc. 2015
300 ## - PHYSICAL DESCRIPTION
Extent 198გვ;21სამ.
300 ## - PHYSICAL DESCRIPTION
Other physical details დანართი II. ტაბულა.ჭოროხის მხარის 1884წლის სტატისტიკური ცნობები
653 ## - INDEX TERM--UNCONTROLLED
Uncontrolled term იმპერიული რუსეთის მაღალი რანგის მოხელე არ ღალატობს ტრადიციას და ხოტბას ასხამს ცარიზმს,თუმცა ამავე დროს, იგი საკმაოდ ზუსტად და ობიექტურად აღწერს ჭოროხის ხეობის მოსახლეობის ადათ-წესებს და ცხოვრების სხვადასხვა სფეროს,კარგზე-კარგს,ხოლო ცუდზე ცუდს ამბობს და მისი თხრობა არასოდეს გადადის შოვინიზმში.
653 ## - INDEX TERM--UNCONTROLLED
Uncontrolled term მხარეთმცოდნეობა
653 ## - INDEX TERM--UNCONTROLLED
Uncontrolled term ჭოროხის მხარე
942 ## - ADDED ENTRY ELEMENTS (KOHA)
Koha item type წიგნი
ეგზემპლარები
Withdrawn status Lost status Damaged status Not for loan Date acquired Barcode Date last seen Price effective from Koha item type
        2018-12-17 47962 2018-12-17 2018-12-17 წიგნი
        2018-12-17 47963 2018-12-17 2018-12-17 წიგნი
        2018-12-17 47964 2018-12-17 2018-12-17 წიგნი
        2018-12-17 47965 2018-12-17 2018-12-17 წიგნი
        2018-12-17 47966 2018-12-17 2018-12-17 წიგნი